[Event "Turkish Cup 2022"]
[Site "Sakarya"]
[Date "2022.03.30"]
[Round "8.47"]
[White "Sahin, Handenur"]
[Black "Sezis, Doruk"]
[Result "1-0"]
[WhiteElo "1997"]
[BlackElo "1566"]
[Annotator "ChessBase"]
[PlyCount "153"]
[EventDate "2022.03.25"]
[EventType "swiss"]
[EventCountry "TUR"]
[SourceTitle "playchess.com"]
[Source "ChessBase"]
[SourceQuality "1"]
[TimeControl "5400+30"]

1. e4 {[%emt 0:02:00]} c5 {[%emt 0:01:00]} 2. c3 {[%emt 0:00:30]} Nf6 {[%emt 0:00:00]} 3. e5 {[%emt 0:00:30]} Nd5 {[%emt 0:01:00]} 4. d4 {[%emt 0:00:30]} cxd4 {[%emt 0:00:00]} 5. Nf3 {[%emt 0:00:30]} Nc6 {[%emt 0:00:00]} 6. cxd4 {[%emt 0:00:30]} d6 {[%emt 0:00:30]} 7. Bc4 {[%emt 0:00:30]} Nb6 {[%emt 0:00:00]} 8. Bb3 {[%emt 0:03:30]} dxe5 {[%emt 0:02:00]} 9. Nxe5 {[%emt 0:06:30]} e6 {[%emt 0:01:30]} 10. Nf3 {[%emt 0:04:30]} Nb4 {[%emt 0:06:30]} 11. O-O {[%emt 0:04:30]} Be7 {[%emt 0:00:30]} 12. Nc3 {[%emt 0:00:30]} O-O {[%emt 0:01:30]} 13. Qe2 {[%emt 0:05:30]} N4d5 {[%emt 0:01:30]} 14. Ne4 {[%emt 0:06:30]} Bd7 {[%emt 0:04:30]} 15. a4 {[%emt 0:06:30]} a5 {[%emt 0:01:30]} 16. Ne5 {[%emt 0:03:30]} Bc6 {[%emt 0:17:30]} 17. Ng3 {[%emt 0:10:30]} Nf6 {[%emt 0:08:30]} 18. Nxc6 {[%emt 0:04:30]} bxc6 {[%emt 0:00:30]} 19. Be3 {[%emt 0:03:30]} Nbd5 {[%emt 0:03:30]} 20. Rac1 {[%emt 0:00:30]} Qb6 {[%emt 0:00:30]} 21. Bc4 {[%emt 0:03:30]} Rfd8 {[%emt 0:03:30]} 22. Rfd1 {[%emt 0:02:30]} Rac8 {[%emt 0:04:30]} 23. Bg5 {[%emt 0:02:30]} h6 {[%emt 0:03:30]} 24. Be3 {[%emt 0:05:30]} Bd6 {[%emt 0:06:30]} 25. Nh5 {[%emt 0:03:30]} Nxh5 {[%emt 0:01:30]} 26. Qxh5 {[%emt 0:00:30]} Qxb2 {[%emt 0:00:30]} 27. Rb1 {[%emt 0:01:29]} Qc2 {[%emt 0:02:30]} 28. Bd3 {[%emt 0:01:06]} Qxa4 {[%emt 0:05:30]} 29. Bxh6 {[%emt 0:00:58]} gxh6 {[%emt 0:02:30]} 30. Qxh6 {[%emt 0:00:30]} Bf4 {[%emt 0:00:30]} 31. Qh7+ {[%emt 0:00:30]} Kf8 {[%emt 0:00:30]} 32. Bc2 {[%emt 0:04:16]} Qa3 {[%emt 0:00:30]} 33. g3 {[%emt 0:01:11]} Bg5 {[%emt 0:00:30]} 34. Rb7 {[%emt 0:01:56]} Nc7 {[%emt 0:02:48]} 35. h4 {[%emt 0:03:38]} Bf6 {[%emt 0:00:12]} 36. Rd3 {[%emt 0:02:08]} Qc1+ {[%emt 0:02:06]} 37. Rd1 {[%emt 0:00:53]} Qa3 {[%emt 0:00:01]} 38. Rd3 {[%emt 0:00:52]} Qd6 {[%emt 0:06:22]} 39. Rf3 {[%emt 0:00:42]} Qxd4 {[%emt 0:00:08]} 40. Qh6+ {[%emt 0:02:01]} Ke7 {[%emt 0:03:08]} 41. Qc1 {[%emt 0:00:33]} Qe5 {[%emt 0:04:42]} 42. Qa3+ {[%emt 0:00:30]} Ke8 {[%emt 0:00:30]} 43. Kg2 {[%emt 0:01:25]} Be7 {[%emt 0:01:48]} 44. Qc1 {[%emt 0:00:29]} Qg7 {[%emt 0:01:05]} 45. Ba4 {[%emt 0:00:45]} Nd5 {[%emt 0:00:51]} 46. Qc4 {[%emt 0:01:29]} Kf8 {[%emt 0:00:26]} 47. Qe4 {[%emt 0:00:42]} Nf6 {[%emt 0:02:17]} 48. Qc4 {[%emt 0:00:30]} Qg4 {[%emt 0:00:30]} 49. Rf4 {[%emt 0:00:48]} Qh5 {[%emt 0:00:26]} 50. Qc3 {[%emt 0:00:44]} Nd5 {[%emt 0:00:20]} 51. Qd2 {[%emt 0:01:07]} Nxf4+ {[%emt 0:00:30]} 52. Qxf4 {[%emt 0:00:00]} e5 {[%emt 0:00:26]} 53. Qc4 {[%emt 0:00:00]} e4 {[%emt 0:00:29]} 54. Qxe4 {[%emt 0:00:32]} Bd6 {[%emt 0:02:07]} 55. Bxc6 {[%emt 0:01:08]} Rc7 {[%emt 0:00:30]} 56. Rb5 {[%emt 0:00:30]} Qg6 {[%emt 0:00:30]} 57. Qf3 {[%emt 0:00:30]} Qh6 {[%emt 0:01:08]} 58. Rh5 {[%emt 0:00:23]} Qg7 {[%emt 0:00:46]} 59. Rg5 {[%emt 0:00:12]} Qh6 {[%emt 0:00:00]} 60. Rh5 {[%emt 0:00:17]} Qg7 {[%emt 0:00:23]} 61. Rg5 {[%emt 0:00:04]} Qd4 {[%emt 0:00:32]} 62. Rg4 {[%emt 0:02:17]} Qe5 {[%emt 0:00:52]} 63. Rg5 {[%emt 0:00:15]} Qd4 {[%emt 0:00:23]} 64. Rg4 {[%emt 0:00:09]} Qc5 {[%emt 0:00:26]} 65. Be4 {[%emt 0:00:09]} Qe5 {[%emt 0:00:22]} 66. Rg5 {[%emt 0:00:09]} Qd4 {[%emt 0:00:48]} 67. Rd5 {[%emt 0:00:47]} Qg7 {[%emt 0:00:30]} 68. Rg5 {[%emt 0:00:05]} Qh8 {[%emt 0:00:33]} 69. Qf5 {[%emt 0:00:45]} Re7 {[%emt 0:00:33]} 70. Bd5 {[%emt 0:01:12]} f6 {[%emt 0:00:29]} 71. Rh5 {[%emt 0:00:39]} Qg7 {[%emt 0:00:03]} 72. Rg5 {[%emt 0:01:03]} Qh8 {[%emt 0:00:30]} 73. Rg6 {[%emt 0:00:00]} Be5 {[%emt 0:00:42]} 74. f4 {[%emt 0:00:27]} Rxd5 {[%emt 0:00:51]} 75. fxe5 {[%emt 0:00:07]} Rdxe5 {[%emt 0:00:14]} 76. Rxf6+ {[%emt 0:00:16]} Kg8 {[%emt 0:00:41]} 77. Rf8+ {[%emt 0:00:15]} 1-0

[Event "Turkish Cup 2022"]
[Site "Sakarya"]
[Date "2022.03.30"]
[Round "9.1"]
[White "Yavuz, Efe Metehan"]
[Black "Yurtseven, Melih"]
[Result "1-0"]
[WhiteElo "2054"]
[BlackElo "2388"]
[Annotator "NA"]
[PlyCount "111"]
[EventDate "2022.03.25"]
[EventType "swiss"]
[EventCountry "TUR"]
[SourceTitle "playchess.com"]
[Source "ChessBase"]
[SourceQuality "1"]
[TimeControl "5400+30"]

1. Nf3 {[%emt 0:02:00]} Nf6 {[%emt 0:02:00]} 2. g3 {[%emt 0:00:30]} b5 {[%emt 0:00:30]} 3. Bg2 {[%emt 0:00:30]} Bb7 {[%emt 0:00:30]} 4. O-O {[%emt 0:00:30]} e6 {[%emt 0:00:30]} 5. d3 {[%emt 0:00:00]} c5 {[%emt 0:02:30]} 6. e4 {[%emt 0:00:00]} d6 {[%emt 0:00:30]} 7. Nbd2 {[%emt 0:05:30]} Nbd7 {[%emt 0:00:30]} 8. Re1 {[%emt 0:00:30]} Be7 {[%emt 0:02:30]} 9. c3 {[%emt 0:08:30]} O-O {[%emt 0:02:30]} 10. d4 {[%emt 0:07:30]} cxd4 {[%emt 0:06:30]} 11. cxd4 {[%emt 0:00:30]} Qb6 {[%emt 0:00:30]} 12. b3 {[%emt 0:06:30]} Rfc8 {[%emt 0:02:30]} 13. Bb2 {[%emt 0:01:30]} a5 {[%emt 0:02:30]} 14. Bf1 {[%emt 0:09:30]} d5 {[%emt 0:02:30]} 15. e5 {[%emt 0:03:30]} Ne8 {[%emt 0:01:30]} 16. a4 {[%emt 0:14:30]} Ba6 {[%emt 0:02:30]} 17. axb5 {[%emt 0:06:30]} Bxb5 {[%emt 0:00:30]} 18. Ba3 {[%emt 0:02:30]} Bxa3 {[%emt 0:11:30]} 19. Bxb5 {[%emt 0:00:00]} Qxb5 {[%emt 0:07:30]} 20. Rxa3 {[%emt 0:00:00]} Nb8 {[%emt 0:03:30]} 21. Qa1 {[%emt 0:01:30]} Rc2 {[%emt 0:03:30]} 22. Qb1 {[%emt 0:04:30]} Rc3 {[%emt 0:03:30]} 23. Qb2 {[%emt 0:01:30]} Rc7 {[%emt 0:00:30]} 24. Kg2 {[%emt 0:01:30]} Ra6 {[%emt 0:02:30]} 25. Raa1 {[%emt 0:03:30]} a4 {[%emt 0:11:30]} 26. Reb1 {[%emt 0:02:41]} Rb7 {[%emt 0:00:30]} 27. Qc1 {[%emt 0:01:58]} Rc7 {[%emt 0:07:30]} 28. Qb2 {[%emt 0:03:09]} axb3 {[%emt 0:01:30]} 29. Rxa6 {[%emt 0:00:48]} Nxa6 {[%emt 0:00:30]} 30. Qxb3 {[%emt 0:01:36]} Qxb3 {[%emt 0:00:30]} 31. Rxb3 {[%emt 0:00:04]} Rc2 {[%emt 0:00:30]} 32. h4 {[%emt 0:01:19]} h6 {[%emt 0:00:00]} 33. g4 {[%emt 0:01:42]} Kh7 {[%emt 0:01:00]} 34. h5 {[%emt 0:00:22]} g6 {[%emt 0:00:33]} 35. hxg6+ {[%emt 0:00:41]} fxg6 {[%emt 0:02:18]} 36. Rb7+ {[%emt 0:01:10]} Nac7 {[%emt 0:01:19]} 37. Nb3 {[%emt 0:00:52]} Rb2 {[%emt 0:01:34]} 38. Ne1 {[%emt 0:00:06]} g5 {[%emt 0:06:07]} 39. Nd3 {[%emt 0:01:11]} Rb1 {[%emt 0:01:01]} 40. Ndc5 {[%emt 0:02:40]} Kg6 {[%emt 0:00:32]} 41. Rb6 {[%emt 0:00:22]} Rb2 {[%emt 0:06:33]} 42. Nd3 {[%emt 0:03:03]} Rb1 {[%emt 0:01:11]} 43. Ndc5 {[%emt 0:00:16]} Rb2 {[%emt 0:00:00]} 44. Rc6 {[%emt 0:01:17]} Rc2 {[%emt 0:00:17]} 45. Na5 {[%emt 0:00:40]} Kh7 {[%emt 0:04:02]} 46. Rb6 {[%emt 0:01:01]} Ng7 {[%emt 0:00:20]} 47. Rb7 {[%emt 0:00:00]} Nce8 {[%emt 0:00:41]} 48. Nxe6 {[%emt 0:00:07]} Rc3 {[%emt 0:00:27]} 49. Rd7 {[%emt 0:00:59]} Ra3 {[%emt 0:00:19]} 50. Nc6 {[%emt 0:00:07]} Ra6 {[%emt 0:00:36]} 51. Nxg7 {[%emt 0:00:30]} Nxg7 {[%emt 0:00:00]} 52. Ne7 {[%emt 0:00:47]} Kh8 {[%emt 0:00:03]} 53. Nxd5 {[%emt 0:00:13]} Ne6 {[%emt 0:01:31]} 54. Nf6 {[%emt 0:00:30]} Nf8 {[%emt 0:00:07]} 55. Rf7 {[%emt 0:00:25]} Ra8 {[%emt 0:00:30]} 56. e6 {[%emt 0:00:00]} 1-0

[Event "Turkish Cup 2022"]
[Site "Sakarya"]
[Date "2022.03.30"]
[Round "9.2"]
[White "Koksal, Ege"]
[Black "Yaran, Siar"]
[Result "1/2-1/2"]
[WhiteElo "2343"]
[BlackElo "2272"]
[Annotator "NA"]
[PlyCount "30"]
[EventDate "2022.03.25"]
[EventType "swiss"]
[EventCountry "TUR"]
[SourceTitle "playchess.com"]
[Source "ChessBase"]
[SourceQuality "1"]
[TimeControl "5400+30"]

1. d4 {[%emt 0:01:00]} d5 {[%emt 0:01:00]} 2. c4 {[%emt 0:00:30]} e6 {[%emt 0:00:00]} 3. Nc3 {[%emt 0:01:30]} Nf6 {[%emt 0:00:00]} 4. cxd5 {[%emt 0:00:30]} exd5 {[%emt 0:00:30]} 5. Bg5 {[%emt 0:04:30]} Be7 {[%emt 0:00:30]} 6. e3 {[%emt 0:00:30]} c6 {[%emt 0:00:30]} 7. Bd3 {[%emt 0:00:30]} Nbd7 {[%emt 0:00:30]} 8. Nge2 {[%emt 0:00:00]} Nh5 {[%emt 0:01:30]} 9. Bxe7 {[%emt 0:01:00]} Qxe7 {[%emt 0:00:30]} 10. g4 {[%emt 0:00:30]} Nhf6 {[%emt 0:00:30]} 11. Ng3 {[%emt 0:00:00]} h6 {[%emt 0:12:30]} 12. Nf5 {[%emt 0:14:00]} Qf8 {[%emt 0:00:30]} 13. Qf3 {[%emt 0:01:30]} g6 {[%emt 0:11:30]} 14. Ng3 {[%emt 0:00:30]} Qe7 {[%emt 0:00:30]} 15. h3 {[%emt 0:16:30]} Nb6 {[%emt 0:01:30]} 1/2-1/2

[Event "Turkish Cup 2022"]
[Site "Sakarya"]
[Date "2022.03.30"]
[Round "9.3"]
[White "Zor, Alber Kadir"]
[Black "Ozsakallioglu, Okan"]
[Result "1/2-1/2"]
[WhiteElo "2147"]
[BlackElo "2270"]
[Annotator "NA"]
[PlyCount "47"]
[EventDate "2022.03.25"]
[EventType "swiss"]
[EventCountry "TUR"]
[SourceTitle "playchess.com"]
[Source "ChessBase"]
[SourceQuality "1"]
[TimeControl "5400+30"]

1. e4 {[%emt 0:03:00]} c6 {[%emt 0:06:00]} 2. d4 {[%emt 0:00:30]} d5 {[%emt 0:00:30]} 3. Nd2 {[%emt 0:00:30]} dxe4 {[%emt 0:00:30]} 4. Nxe4 {[%emt 0:00:30]} Bf5 {[%emt 0:00:30]} 5. Ng3 {[%emt 0:00:30]} Bg6 {[%emt 0:00:30]} 6. h4 {[%emt 0:00:30]} h6 {[%emt 0:00:30]} 7. Nf3 {[%emt 0:00:30]} Nd7 {[%emt 0:00:30]} 8. h5 {[%emt 0:00:30]} Bh7 {[%emt 0:00:30]} 9. Bd3 {[%emt 0:00:30]} Bxd3 {[%emt 0:00:30]} 10. Qxd3 {[%emt 0:00:30]} Ngf6 {[%emt 0:00:30]} 11. Bd2 {[%emt 0:00:00]} e6 {[%emt 0:00:00]} 12. O-O-O {[%emt 0:00:00]} Be7 {[%emt 0:00:00]} 13. Qe2 {[%emt 0:00:00]} O-O {[%emt 0:00:00]} 14. Nf1 {[%emt 0:00:00]} c5 {[%emt 0:00:00]} 15. g4 {[%emt 0:00:00]} cxd4 {[%emt 0:00:30]} 16. g5 {[%emt 0:00:00]} Nd5 {[%emt 0:00:00]} 17. gxh6 {[%emt 0:00:00]} Qb6 {[%emt 0:00:00]} 18. Rg1 {[%emt 0:00:00]} Ba3 {[%emt 0:00:00]} 19. Rxg7+ {[%emt 0:00:00]} Kh8 {[%emt 0:00:00]} 20. bxa3 {[%emt 0:00:00]} Nc3 {[%emt 0:00:00]} 21. Bxc3 {[%emt 0:00:00]} dxc3 {[%emt 0:00:00]} 22. Rh7+ {[%emt 0:00:00]} Kg8 {[%emt 0:00:30]} 23. Rg7+ {[%emt 0:00:30]} Kh8 {[%emt 0:00:30]} 24. Rh7+ {[%emt 0:00:30]} 1/2-1/2

[Event "Turkish Cup 2022"]
[Site "Sakarya"]
[Date "2022.03.30"]
[Round "9.4"]
[White "Gulbeyaz, Emir"]
[Black "Kilic, Eray"]
[Result "0-1"]
[WhiteElo "2218"]
[BlackElo "2088"]
[Annotator "NA"]
[PlyCount "104"]
[EventDate "2022.03.25"]
[EventType "swiss"]
[EventCountry "TUR"]
[SourceTitle "playchess.com"]
[Source "ChessBase"]
[SourceQuality "1"]
[TimeControl "5400+30"]

1. d4 {[%emt 0:03:00]} Nf6 {[%emt 0:01:00]} 2. Nf3 {[%emt 0:00:30]} g6 {[%emt 0:00:30]} 3. Nbd2 {[%emt 0:00:30]} d5 {[%emt 0:00:30]} 4. e3 {[%emt 0:00:30]} Bg7 {[%emt 0:00:30]} 5. b4 {[%emt 0:00:30]} O-O {[%emt 0:00:30]} 6. Bb2 {[%emt 0:00:30]} Bf5 {[%emt 0:00:30]} 7. c4 {[%emt 0:00:30]} c6 {[%emt 0:00:30]} 8. Be2 {[%emt 0:01:30]} dxc4 {[%emt 0:02:30]} 9. Bxc4 {[%emt 0:01:30]} Ne4 {[%emt 0:02:30]} 10. Nxe4 {[%emt 0:00:30]} Bxe4 {[%emt 0:00:30]} 11. O-O {[%emt 0:01:30]} Nd7 {[%emt 0:03:30]} 12. Nd2 {[%emt 0:05:30]} Bd5 {[%emt 0:00:00]} 13. e4 {[%emt 0:00:30]} Bxc4 {[%emt 0:02:00]} 14. Nxc4 {[%emt 0:00:30]} Nb6 {[%emt 0:01:30]} 15. Na5 {[%emt 0:02:30]} Qd7 {[%emt 0:00:30]} 16. Qc2 {[%emt 0:06:30]} Rac8 {[%emt 0:09:30]} 17. Rfd1 {[%emt 0:00:30]} f5 {[%emt 0:05:30]} 18. Nb3 {[%emt 0:07:30]} fxe4 {[%emt 0:08:30]} 19. Qxe4 {[%emt 0:00:30]} Qd5 {[%emt 0:04:30]} 20. Re1 {[%emt 0:06:30]} Nc4 {[%emt 0:11:30]} 21. Bc3 {[%emt 0:02:30]} Nd6 {[%emt 0:02:30]} 22. Qxe7 {[%emt 0:08:30]} Rce8 {[%emt 0:02:30]} 23. Qd7 {[%emt 0:17:30]} Ne4 {[%emt 0:17:30]} 24. Qxd5+ {[%emt 0:06:30]} cxd5 {[%emt 0:00:30]} 25. Bb2 {[%emt 0:02:30]} Rxf2 {[%emt 0:02:30]} 26. Rxe4 {[%emt 0:00:30]} Ref8 {[%emt 0:00:30]} 27. Re8 {[%emt 0:00:30]} Rxb2 {[%emt 0:00:30]} 28. Rxf8+ {[%emt 0:00:00]} Bxf8 {[%emt 0:00:30]} 29. Rc1 {[%emt 0:00:00]} Rxa2 {[%emt 0:00:30]} 30. Nc5 {[%emt 0:03:30]} b6 {[%emt 0:05:10]} 31. Nd3 {[%emt 0:01:30]} Rd2 {[%emt 0:02:19]} 32. Rc3 {[%emt 0:00:30]} a5 {[%emt 0:00:50]} 33. bxa5 {[%emt 0:00:30]} bxa5 {[%emt 0:00:00]} 34. Nc5 {[%emt 0:01:30]} Bg7 {[%emt 0:01:57]} 35. Ne6 {[%emt 0:01:09]} Bf6 {[%emt 0:03:27]} 36. Rc7 {[%emt 0:02:49]} Re2 {[%emt 0:01:11]} 37. Rc6 {[%emt 0:00:45]} Kf7 {[%emt 0:00:44]} 38. Nc7 {[%emt 0:00:28]} Bxd4+ {[%emt 0:00:48]} 39. Kf1 {[%emt 0:00:30]} Rf2+ {[%emt 0:00:30]} 40. Ke1 {[%emt 0:00:00]} Rxg2 {[%emt 0:00:00]} 41. Ne6 {[%emt 0:00:00]} Bf6 {[%emt 0:00:42]} 42. Nf4 {[%emt 0:00:00]} Rxh2 {[%emt 0:01:01]} 43. Rc7+ {[%emt 0:00:23]} Ke8 {[%emt 0:00:30]} 44. Nxd5 {[%emt 0:00:30]} Bh4+ {[%emt 0:00:00]} 45. Kf1 {[%emt 0:00:00]} h5 {[%emt 0:00:48]} 46. Rg7 {[%emt 0:00:00]} Bg3 {[%emt 0:04:50]} 47. Rxg6 {[%emt 0:01:06]} h4 {[%emt 0:00:11]} 48. Ne3 {[%emt 0:00:02]} a4 {[%emt 0:00:33]} 49. Ng2 {[%emt 0:09:30]} a3 {[%emt 0:01:08]} 50. Ra6 {[%emt 0:00:33]} h3 {[%emt 0:00:19]} 51. Rxa3 {[%emt 0:00:14]} Rh1+ {[%emt 0:00:30]} 52. Ke2 {[%emt 0:00:30]} hxg2 {[%emt 0:00:00]} 0-1

[Event "Turkish Cup 2022"]
[Site "Sakarya"]
[Date "2022.03.30"]
[Round "9.5"]
[White "Samani, Yamac"]
[Black "Isik, Alparslan"]
[Result "1-0"]
[WhiteElo "2257"]
[BlackElo "2328"]
[Annotator "NA"]
[PlyCount "54"]
[EventDate "2022.03.25"]
[EventType "swiss"]
[EventCountry "TUR"]
[SourceTitle "playchess.com"]
[Source "ChessBase"]
[SourceQuality "1"]
[TimeControl "5400+30"]

1. Nf3 {[%emt 0:02:00]} d5 {[%emt 0:01:00]} 2. d4 {[%emt 0:02:30]} Nf6 {[%emt 0:02:30]} 3. Bf4 {[%emt 0:00:30]} c5 {[%emt 0:00:30]} 4. e3 {[%emt 0:03:30]} Nc6 {[%emt 0:01:30]} 5. c3 {[%emt 0:04:30]} e6 {[%emt 0:00:30]} 6. Nbd2 {[%emt 0:00:30]} cxd4 {[%emt 0:00:30]} 7. exd4 {[%emt 0:00:30]} Nh5 {[%emt 0:01:30]} 8. Be5 {[%emt 0:06:30]} f6 {[%emt 0:02:30]} 9. Bg3 {[%emt 0:03:30]} Bd6 {[%emt 0:01:30]} 10. Bd3 {[%emt 0:08:30]} Nf4 {[%emt 0:14:30]} 11. Bxf4 {[%emt 0:00:30]} Bxf4 {[%emt 0:00:30]} 12. Qc2 {[%emt 0:00:00]} e5 {[%emt 0:17:30]} 13. O-O {[%emt 0:15:00]} e4 {[%emt 0:26:30]} 14. Nxe4 {[%emt 0:16:30]} dxe4 {[%emt 0:00:30]} 15. Bxe4 {[%emt 0:00:00]} Ne7 {[%emt 0:03:30]} 16. Rfe1 {[%emt 0:03:00]} Kf8 {[%emt 0:11:18]} 17. Re2 {[%emt 0:04:30]} g6 {[%emt 0:03:23]} 18. Rae1 {[%emt 0:04:30]} Bf5 {[%emt 0:04:46]} 19. Nh4 {[%emt 0:04:51]} Qd7 {[%emt 0:01:35]} 20. Nxf5 {[%emt 0:09:43]} gxf5 {[%emt 0:00:14]} 21. Bd3 {[%emt 0:01:32]} Bd6 {[%emt 0:00:58]} 22. Re6 {[%emt 0:00:52]} Kg7 {[%emt 0:00:57]} 23. Qe2 {[%emt 0:00:52]} Ng6 {[%emt 0:02:14]} 24. Bxf5 {[%emt 0:00:37]} Rhf8 {[%emt 0:01:00]} 25. g3 {[%emt 0:01:08]} Qc7 {[%emt 0:00:35]} 26. Qg4 {[%emt 0:01:12]} Kf7 {[%emt 0:00:53]} 27. Bxg6+ {[%emt 0:02:06]} hxg6 {[%emt 0:00:00]} 1-0

[Event "Turkish Cup 2022"]
[Site "Sakarya"]
[Date "2022.03.30"]
[Round "9.6"]
[White "Guven, Oguz Kagan"]
[Black "Sevgi, Volkan"]
[Result "1/2-1/2"]
[WhiteElo "2157"]
[BlackElo "2344"]
[Annotator "NA"]
[PlyCount "52"]
[EventDate "2022.03.25"]
[EventType "swiss"]
[EventCountry "TUR"]
[SourceTitle "playchess.com"]
[Source "ChessBase"]
[SourceQuality "1"]
[TimeControl "5400+30"]

1. d4 {[%emt 0:02:00]} Nf6 {[%emt 0:01:00]} 2. Bf4 {[%emt 0:00:30]} b6 {[%emt 0:02:30]} 3. e3 {[%emt 0:01:30]} Bb7 {[%emt 0:00:30]} 4. Nf3 {[%emt 0:00:30]} g6 {[%emt 0:00:30]} 5. c4 {[%emt 0:00:30]} Bg7 {[%emt 0:00:30]} 6. h3 {[%emt 0:02:30]} O-O {[%emt 0:01:30]} 7. Nc3 {[%emt 0:00:30]} d6 {[%emt 0:02:30]} 8. Be2 {[%emt 0:01:30]} Nbd7 {[%emt 0:00:30]} 9. Qc2 {[%emt 0:00:30]} e5 {[%emt 0:05:30]} 10. dxe5 {[%emt 0:09:30]} Nxe5 {[%emt 0:03:30]} 11. Bxe5 {[%emt 0:08:30]} dxe5 {[%emt 0:00:30]} 12. O-O {[%emt 0:00:30]} e4 {[%emt 0:08:30]} 13. Rfd1 {[%emt 0:06:30]} Qe7 {[%emt 0:00:30]} 14. Nd4 {[%emt 0:00:30]} c5 {[%emt 0:01:30]} 15. Ndb5 {[%emt 0:07:30]} a6 {[%emt 0:00:30]} 16. Nd6 {[%emt 0:00:30]} Bc6 {[%emt 0:00:00]} 17. Rd2 {[%emt 0:00:30]} Rfd8 {[%emt 0:03:00]} 18. Rad1 {[%emt 0:00:30]} Bf8 {[%emt 0:01:30]} 19. Ndxe4 {[%emt 0:04:30]} Nxe4 {[%emt 0:01:30]} 20. Rxd8 {[%emt 0:00:30]} Rxd8 {[%emt 0:02:30]} 21. Rxd8 {[%emt 0:00:30]} Qxd8 {[%emt 0:00:30]} 22. Nxe4 {[%emt 0:00:30]} Bxe4 {[%emt 0:00:30]} 23. Qxe4 {[%emt 0:00:30]} Qd2 {[%emt 0:00:30]} 24. Qd3 {[%emt 0:00:30]} Qxb2 {[%emt 0:00:30]} 25. a4 {[%emt 0:00:30]} Qb4 {[%emt 0:00:30]} 26. Qd1 {[%emt 0:02:30]} Qc3 {[%emt 0:10:30]} 1/2-1/2

[Event "Turkish Cup 2022"]
[Site "Sakarya"]
[Date "2022.03.30"]
[Round "9.7"]
[White "Koc, Ilkay"]
[Black "Huseyinoglu, Alihan"]
[Result "0-1"]
[WhiteElo "1995"]
[BlackElo "2312"]
[Annotator "NA"]
[PlyCount "62"]
[EventDate "2022.03.25"]
[EventType "swiss"]
[EventCountry "TUR"]
[SourceTitle "playchess.com"]
[Source "ChessBase"]
[SourceQuality "1"]
[TimeControl "5400+30"]

1. d4 {[%emt 0:01:00]} g6 {[%emt 0:01:00]} 2. c4 {[%emt 0:00:30]} Bg7 {[%emt 0:00:30]} 3. Nf3 {[%emt 0:00:30]} f5 {[%emt 0:00:30]} 4. Nc3 {[%emt 0:02:30]} Nf6 {[%emt 0:02:30]} 5. Bf4 {[%emt 0:03:30]} d6 {[%emt 0:04:30]} 6. h3 {[%emt 0:00:30]} O-O {[%emt 0:05:30]} 7. e3 {[%emt 0:01:30]} c5 {[%emt 0:11:30]} 8. Be2 {[%emt 0:04:30]} Ne4 {[%emt 0:06:30]} 9. Rc1 {[%emt 0:08:30]} Nc6 {[%emt 0:04:30]} 10. d5 {[%emt 0:08:30]} Nxc3 {[%emt 0:05:30]} 11. bxc3 {[%emt 0:00:30]} Na5 {[%emt 0:03:30]} 12. O-O {[%emt 0:01:30]} Bd7 {[%emt 0:06:30]} 13. Bh2 {[%emt 0:04:30]} a6 {[%emt 0:05:30]} 14. e4 {[%emt 0:14:30]} fxe4 {[%emt 0:04:30]} 15. Ng5 {[%emt 0:00:30]} b5 {[%emt 0:06:30]} 16. cxb5 {[%emt 0:02:30]} axb5 {[%emt 0:01:30]} 17. Bg4 {[%emt 0:00:30]} Bh6 {[%emt 0:03:30]} 18. Ne6 {[%emt 0:03:30]} Bxe6 {[%emt 0:00:30]} 19. Bxe6+ {[%emt 0:00:30]} Kh8 {[%emt 0:00:30]} 20. Rb1 {[%emt 0:01:30]} Nc4 {[%emt 0:02:30]} 21. Rxb5 {[%emt 0:01:30]} Nd2 {[%emt 0:03:30]} 22. Re1 {[%emt 0:01:30]} Rxa2 {[%emt 0:00:30]} 23. Bg3 {[%emt 0:04:30]} Qa8 {[%emt 0:07:03]} 24. Bh4 {[%emt 0:04:30]} Qa6 {[%emt 0:01:17]} 25. c4 {[%emt 0:02:30]} Qa7 {[%emt 0:00:14]} 26. Kh1 {[%emt 0:09:06]} Bf4 {[%emt 0:01:54]} 27. Bg3 {[%emt 0:08:11]} Bxg3 {[%emt 0:01:11]} 28. fxg3 {[%emt 0:00:02]} Qa3 {[%emt 0:01:26]} 29. Qc1 {[%emt 0:06:23]} Qxg3 {[%emt 0:04:25]} 30. Rb2 {[%emt 0:00:18]} Qxe1+ {[%emt 0:00:42]} 31. Qxe1 {[%emt 0:00:30]} Rxb2 {[%emt 0:00:00]} 0-1